<?xml version="1.0" encoding="UTF-8"?>
<collection xmlns="http://www.loc.gov/MARC21/slim">
 <record>
  <leader>01516nam a22002177a 4500</leader>
  <controlfield tag="001">NCT_68187</controlfield>
  <controlfield tag="008">190906b        xxu||||| |||| 00| 0 vie d</controlfield>
  <datafield tag="999" ind1=" " ind2=" ">
   <subfield code="c">3297</subfield>
   <subfield code="d">3297</subfield>
  </datafield>
  <datafield tag="020" ind1=" " ind2=" ">
   <subfield code="a">9786048957858</subfield>
   <subfield code="c">150000</subfield>
  </datafield>
  <datafield tag="082" ind1="0" ind2="4">
   <subfield code="2">23rd ed.</subfield>
   <subfield code="a">355</subfield>
   <subfield code="b">M312</subfield>
  </datafield>
  <datafield tag="100" ind1="1" ind2=" ">
   <subfield code="a">Trần Trường Minh</subfield>
  </datafield>
  <datafield tag="245" ind1="1" ind2="0">
   <subfield code="a">Tôn Tử binh pháp &amp; 36 kế</subfield>
   <subfield code="c">Trần Trường Minh, Phạm Hồng</subfield>
  </datafield>
  <datafield tag="260" ind1=" " ind2=" ">
   <subfield code="a">H.</subfield>
   <subfield code="b">Hồng Đức</subfield>
   <subfield code="c">2019</subfield>
  </datafield>
  <datafield tag="300" ind1=" " ind2=" ">
   <subfield code="a">511 tr.</subfield>
   <subfield code="b">minh họa</subfield>
   <subfield code="c">24cm</subfield>
  </datafield>
  <datafield tag="520" ind1="3" ind2=" ">
   <subfield code="a">Sách gồm 13 thiên: Kế thiên, Tác chiến, Mưu công, Hình thiên, Thế thiên, Hư thực, Quân tranh, Cửu biến, Hành quân, Địa hình, Cửu thiên địa, Hỏa công và Dụng gián, được viết bằng cổ văn tiền Tần, với hơn 5.900 chữ Hán. Tam thập lục kế (36 kế) được thấy sớm nhất trong các câu chuyện thời Xuân Thu - Chiến Quốc. Về sau, nhiều đời, nhiều người đã ghi chép, hiệu đính lại cuốn sách đó</subfield>
  </datafield>
  <datafield tag="653" ind1=" " ind2=" ">
   <subfield code="a">Sách tham khảo</subfield>
  </datafield>
  <datafield tag="700" ind1="1" ind2=" ">
   <subfield code="a">Phạm Hồng</subfield>
  </datafield>
  <datafield tag="942" ind1=" " ind2=" ">
   <subfield code="2">ddc</subfield>
   <subfield code="c">BK</subfield>
  </datafield>
  <datafield tag="952" ind1=" " ind2=" ">
   <subfield code="0">0</subfield>
   <subfield code="1">0</subfield>
   <subfield code="2">ddc</subfield>
   <subfield code="4">0</subfield>
   <subfield code="6">355_000000000000000_M312</subfield>
   <subfield code="7">0</subfield>
   <subfield code="9">17637</subfield>
   <subfield code="a">000001</subfield>
   <subfield code="b">000001</subfield>
   <subfield code="d">2019-09-06</subfield>
   <subfield code="o">355 M312</subfield>
   <subfield code="p">TK.01598</subfield>
   <subfield code="r">2019-09-06</subfield>
   <subfield code="v">150000.00</subfield>
   <subfield code="w">2019-09-06</subfield>
   <subfield code="y">BK</subfield>
  </datafield>
  <datafield tag="952" ind1=" " ind2=" ">
   <subfield code="0">0</subfield>
   <subfield code="1">0</subfield>
   <subfield code="2">ddc</subfield>
   <subfield code="4">0</subfield>
   <subfield code="6">355_000000000000000_M312</subfield>
   <subfield code="7">0</subfield>
   <subfield code="9">17638</subfield>
   <subfield code="a">000001</subfield>
   <subfield code="b">000001</subfield>
   <subfield code="d">2019-09-06</subfield>
   <subfield code="o">355 M312</subfield>
   <subfield code="p">TK.01599</subfield>
   <subfield code="r">2019-09-06</subfield>
   <subfield code="v">150000.00</subfield>
   <subfield code="w">2019-09-06</subfield>
   <subfield code="y">BK</subfield>
  </datafield>
  <datafield tag="980" ind1=" " ind2=" ">
   <subfield code="a">Thư viện Trường Đại học Nam Cần Thơ</subfield>
  </datafield>
 </record>
</collection>
